000 02666cam a22006254i 4500
003 PE-LiUPU
005 20250731180106.0
008 150617s r 000 0 d
020 _a9681819187
035 _a(Sirsi) i9789681819187
040 _aPE-LiUPU
_bspa
_cPE-LiUPU
_erda
049 _aPRUA
082 0 4 _a581
_bD33
_221
100 1 _aDawes, Clinton J.,
_eautor.
245 1 0 _aBotánica marina /
_cClinton J. Dawes ; versión española Manuel Guzmán Ortiz ; revisión Sergio Licea Durán.
264 1 _aMéxico :
_bLimusa,
_c1991.
300 _a673 páginas ;
_c23 centímetros
336 _atext
_2rdacontent
337 _aunmediated
_2rdamedia
338 _avolume
_2rdacarrier
500 _aArea biología.
504 _aIncluye bibliografía.
505 0 _aIntroducción a las algas -- Cianofitas -- Clorofitas -- Feofitas -- Rodofitas -- Crisofitas -- Criptofitas, Euglenofitas y Pirrofitas -- Factores geológicos -- Factores físicos -- Factores químicos -- Geología general: conceptos y métodos -- Ecología fisiológica: conceptos y métodos -- Comunidades litofíticas -- Arrecifes coralinos (arrecifes bióticos) -- Comunidades de pastos marinos -- Comunidades de marismas -- Comunidades de mangles -- Comunidades de fitoplancton.
526 _aSEG44
526 _aSEG26
526 _aP159
526 _aP155
526 _aP154
526 _aP153
526 _aP150
526 _aP100
526 _aP31
526 _aP30
526 _aP26
526 _aP25
526 _aP24
526 _aP22
526 _aP15
526 _aP10
650 0 4 _aAlgas marinas.
650 0 4 _aEcología marina.
_93434
650 0 4 _aFlora marina
_xInvestigaciones.
700 1 _aGuzmán Ortíz, Manuel,
_etraductor.
700 1 _aLicea Durán, Sergio,
_erev.
910 _ajck
_bjvq
_cjck
_d20150616
942 _2ddc
_cBOOK
949 _a581 D33
_wDEWEY
_c1
_i35783
_d2016-5-26
_e2016-5-25
_lCCODEBUL1
_mBUL
_n2
_r0
_sY
_tBOOK
_u2015-4-22
_xEDUCACION
_zUNKNOWN
_0COMPRA
_o.STAFF. Colección General
949 _a581 D33
_wDEWEY
_c2
_i35782
_d2016-5-19
_e2016-5-19
_lCCODEBUL1
_mBUL
_n1
_r0
_sY
_tBOOK
_u2015-4-22
_xEDUCACION
_zUNKNOWN
_0COMPRA
_o.STAFF. Colección General
994 _aC0
_bPEPRU
596 _a1
999 _a581 D33
_wDEWEY
_c19428
_i35783
_d19428
_e2016-5-25
_f2021-11-8
_g5
_lCCODEBUL1
_mBUL
_n2
_r0
_sY
_tBOOK
_u2015-4-22
_xEDUCACION
_zUNKNOWN
_0COMPRA
_o.STAFF. Colección General
999 _a581 D33
_wDEWEY
_c2
_i35782
_d2016-5-19
_e2016-5-19
_f2021-11-5
_g5
_lCCODEBUL1
_mBUL
_n1
_r0
_sY
_tBOOK
_u2015-4-22
_xBIBLIOTECA
_zUNKNOWN
_0COMPRA
_o.STAFF. Colección General
980 _81
_gALBERTO SANCHEZ Responsable de Automatización